Statistics for Largest Employer in Every State

Click here to take the quiz!

General Stats

  • This quiz has been taken 26 times
  • The average score is 21 of 50

Answer Stats

State Largest Employer % Correct
MontanaWalmart
100%
OhioWalmart
100%
AlabamaWalmart
100%
MississippiWalmart
100%
LouisianaWalmart
100%
OklahomaWalmart
100%
South CarolinaWalmart
100%
West VirginiaWalmart
100%
WyomingWalmart
100%
VirginiaWalmart
100%
TexasWalmart
100%
TennesseeWalmart
100%
KentuckyWalmart
100%
MissouriWalmart
100%
FloridaWalmart
100%
GeorgiaWalmart
100%
IllinoisWalmart
100%
ArkansasWalmart
100%
ArizonaWalmart
100%
WashingtonBoeing
29%
MichiganUniversity of Michigan
17%
CaliforniaUniversity of California
17%
MarylandUniversity System of Maryland
17%
IowaUniversity of Iowa
13%
WisconsinUniversity of Wisconsin
13%
New MexicoUniversity of New Mexico
13%
ColoradoUniversity of Colorado
13%
New YorkState University of New York
13%
KansasUniversity of Kansas
13%
NebraskaUniversity of Nebraska
13%
HawaiiUniversity of Hawaii
13%
UtahIntermountain Healthcare
8%
IndianaIndiana University Health
8%
North CarolinaUniversity of North Carolina System
8%
VermontUniversity of Vermont Medical Center
4%
NevadaMGM Grand Las Vegas
4%
PennsylvaniaUniversity of Pittsburgh Medical Center
4%
New JerseyWakefern Food Corporation
4%
MinnesotaMayo Clinic
0%
MassachusettsPartners Healthcare
0%
MaineHannaford Supermarkets
0%
AlaskaProvidence Health & Services
0%
Rhode IslandLifespan System of Hospitals
0%
DelawareChristiana Care Health System
0%
North DakotaSanford Health
0%
OregonIntel
0%
New HampshireDartmouth-Hitchcock Medical Center
0%
South DakotaAvera Health
0%
ConnecticutYale New Haven Health System
0%
IdahoSt. Luke's Health System
0%

Score Distribution

Percentile by Number Answered

Percent of People with Each Score

Your Score History

You have not taken this quiz